| 000 | 00524nam a22001577a 4500 | ||
|---|---|---|---|
| 003 | OSt | ||
| 005 | 20251217061004.0 | ||
| 008 | 251217b |||||||| |||| 00| 0 eng d | ||
| 040 |
_aDWCL Main Lib. _cOC |
||
| 082 | _aFil. 910.25 D628 2001 | ||
| 245 | _aDirectory of Filipino scholars, scientists and specialists on Mindanao studies/ | ||
| 260 |
_aQuezon City : _bPhilippine Social Science Council, _c2001. |
||
| 300 |
_a140 p. ; _c25 cm. |
||
| 650 | _a1. Specialists-Scientists-Directories. | ||
| 942 |
_2ddc _cBK - FIL _kFil. _n0 |
||
| 999 |
_c7167 _d7167 |
||